Reality TV Show Hosts Quiz Stats

 Plays Quiz Updated Jan 12, 2018

Challenge
Share
Tweet
Embed
Score 0/20 Timer 05:00
0 Plays Today
Show Host % Correct
American IdolRyan Seacrest
88.2%
America's Got TalentTyra Banks
84%
Top ChefPadma Lakshmi
83.1%
America's Next Top ModelRita Ora
80.2%
Project RunwayHeidi Klum
60.8%
SurvivorJeff Probst
60.1%
Hell's KitchenGordon Ramsay
52.8%
Extreme Makeover: Home EditionTy Pennington
51%
Fear FactorLudacris
43.9%
Celebrity RehabDrew Pinsky
37.8%
Show Host % Correct
Dirty JobsMike Rowe
32.7%
Big BrotherJulie Chen
32.3%
Man vs. WildBear Grylls
30.4%
So You Think You Can DanceCat Deeley
22.1%
The Biggest LoserBob Harper
22%
ChoppedTed Allen
20.8%
The VoiceCarson Daly
17.3%
The BachelorChris Harrison
15.8%
The Amazing RacePhil Keoghan
13.3%
Dancing with the StarsTom Bergeron
7%

You're not logged in!

Compare scores with friends on all Sporcle quizzes.
OR
Log In

You Might Also Like...

Show Comments

Extras

Top Quizzes Today


Score Distribution

Your Account Isn't Verified!

In order to create a playlist on Sporcle, you need to verify the email address you used during registration. Go to your Sporcle Settings to finish the process.

Report this User

Report this user for behavior that violates our Community Guidelines.

Details: